Электропривод переменного тока: учебное пособие для вузов

Bibliographische Detailangaben
1. Verfasser: Чернышев А. Ю. Александр Юрьевич
Körperschaft: Национальный исследовательский Томский политехнический университет (ТПУ)
Weitere Verfasser: Дементьев Ю. Н. Юрий Николаевич, Чернышев И. А. Игорь Александрович
Zusammenfassung:В учебном пособии приведены примеры промышленных систем управления электроприводами переменного тока. Описана работа по функциональным схемам, даны особенности настройки. Рассмотрены вопросы расчета статических и динамических механических и электромеханических характеристик наиболее распространенных систем автоматизированного электропривода с двигателями переменного тока. Приведены схемы имитационных моделей для расчета динамических характеристик электроприводов переменного тока. Предназначено для студентов, обучающихся по специальности 140604 «Электропривод и автоматика промышленных установок и технологических комплексов», и магистров, обучающихся по магистерской программе 140611 «Электроприводы и системы управления электроприводов» направления подготовки 140600 «Электротехника, электромеханика и электротехнологии».
Sprache:Russisch
Veröffentlicht: Томск, Изд-во ТПУ, 2015
Ausgabe:2-е изд.
Schlagworte:
Format: Buch
KOHA link:https://koha.lib.tpu.ru/cgi-bin/koha/opac-detail.pl?biblionumber=318532

MARC

LEADER 00000nam0a2200000 4500
001 318532
005 20231227162507.0
010 |a 9785438705567 
035 |a (RuTPU)RU\TPU\book\344030 
035 |a RU\TPU\book\217452 
090 |a 318532 
100 |a 20160427d2015 m y0rusy50 ca 
101 0 |a rus 
102 |a RU 
105 |a a j 001zy 
200 1 |a Электропривод переменного тока  |e учебное пособие для вузов  |f А. Ю. Чернышев, Ю. Н. Дементьев, И. А. Чернышев  |g Национальный исследовательский Томский политехнический университет (ТПУ) 
205 |a 2-е изд. 
210 |a Томск  |c Изд-во ТПУ  |d 2015 
215 |a 210 с.  |c ил. 
320 |a Библиография: с. 205-206 
330 |a В учебном пособии приведены примеры промышленных систем управления электроприводами переменного тока. Описана работа по функциональным схемам, даны особенности настройки. Рассмотрены вопросы расчета статических и динамических механических и электромеханических характеристик наиболее распространенных систем автоматизированного электропривода с двигателями переменного тока. Приведены схемы имитационных моделей для расчета динамических характеристик электроприводов переменного тока. Предназначено для студентов, обучающихся по специальности 140604 «Электропривод и автоматика промышленных установок и технологических комплексов», и магистров, обучающихся по магистерской программе 140611 «Электроприводы и системы управления электроприводов» направления подготовки 140600 «Электротехника, электромеханика и электротехнологии». 
606 1 |a Электроприводы  |2 stltpush  |3 (RuTPU)RU\TPU\subj\20689  |9 45775 
610 1 |a электрические приводы 
610 1 |a электроприводы с асинхронными двигателями 
610 1 |a асинхронные двигатели 
610 1 |a векторное управление 
610 1 |a синхронные двигатели 
610 1 |a скорость 
610 1 |a регулирование 
610 1 |a электрооборудование 
610 1 |a электрические машины 
610 1 |a учебные пособия 
610 1 |a труды учёных ТПУ 
675 |a 62-83(075.8)  |v 3 
700 1 |a Чернышев  |b А. Ю.  |c специалист в области электротехники  |c доцент Томского политехнического университета, кандидат технических наук  |f 1950-  |g Александр Юрьевич  |3 (RuTPU)RU\TPU\pers\27081 
701 1 |a Дементьев  |b Ю. Н.  |c специалист в области электротехники  |c доцент Томского политехнического университета, кандидат технических наук  |f 1953-  |g Юрий Николаевич  |3 (RuTPU)RU\TPU\pers\25853 
701 1 |a Чернышев  |b И. А.  |c специалист в области электротехники  |c доцент Томского политехнического университета, кандидат технических наук  |f 1972-  |g Игорь Александрович  |3 (RuTPU)RU\TPU\pers\27082  |9 12632 
712 0 2 |a Национальный исследовательский Томский политехнический университет (ТПУ)  |c (2009- )  |3 (RuTPU)RU\TPU\col\15902 
801 1 |a RU  |b 63413507  |c 20090120  |g PSBO 
801 2 |a RU  |b 63413507  |c 20220505  |g PSBO 
942 |c BK